Statistiques concernant Top 15 des pays avec les décès de Covid-19 - 28 mai 2021

Cliquez ici pour prendre le quiz!

Statistiques générales

  • Ce quiz a été pris 19 fois
  • Le résultat moyen est 14 sur 24

Statistiques - réponses

décès
totaux
pays% Correct
608 961Etats-Unis
100%
79 905Espagne
95%
109 290France
95%
125 919Italie
95%
459 171Brésil
89%
120 406Russie
89%
88 884Allemagne
84%
322 384Inde
84%
127 768Royaume-Uni
84%
76 693Argentine
63%
Belgique
63%
87 207Colombie
63%
222 657Mexique
63%
79 568Iran
47%
68 978Pérou
47%
Hongrie
37%
73 557Pologne
37%
Macédoine du Nord
26%
Bosnie-Herzégovine
21%
Bulgarie
21%
Croatie
21%
Tchèquie
21%
Slovaquie
16%
Slovénie
16%

Distribution des résultats

Percentile par nombre de réponses

% des personnes avec chaque résultat

Votre développement - résultats

Vous n’avez pas pris ce quiz